00766nam a2200217Ia 450000500170000000800410001702000150005804100080007308200190008110000430010024500790014325000210022226400580024330000260030133600270032733700330035433800280038765000520041565000460046704000350051320220316235227.0121119s1996 ck gr 000 0 spa  a95895060380 aspa04a330.9861bN32E1 aNieto Arteta, Luis Eduardo,d1913-195610aEconomía y cultura en la historia de ColombiacLuis Eduardo Nieto Arteta aOctava edición 1aBogotábEl Áncora bBanco de la Repúblicac1996 a424 páginasc23 cm. atextobtxt2rdacontent asin mediaciónbn2rdamedia avolumenbnc2rdacarrier142LEMBaEconomíaxHistoriay1550-1889zColombia142LEMBaCondiciones económicas zColombia aCO-BoRNBPbspaerdacCO-BoRNBP